000 00541nam a2200169Ia 4500
005 20250508160024.0
008 008 250505s9999 xx 000 0 eng d
037 _aBooks to be hide in OPAC
040 _aFEDL
_beng
_cFEDL
041 _aeng
_2eng
084 _a371.90973, UNI
_qFEDL
245 0 _aAnnual report of the federal security agency section seven : Office of vocational rehabilitation for the fiscal year 1947
260 _c1947
300 _a630p.
942 _cHB
_h371.90973, UNI
999 _c1361129
_d1361129